[Event "Fall Chess Classic-A 2019"]
[Site "Saint Louis"]
[Date "2019.09.15"]
[Round "6.1"]
[White "Robson, Ray"]
[Black "Akobian, Varuzhan"]
[Result "1-0"]
[WhiteElo "2653"]
[BlackElo "2618"]
[Annotator "RC"]
[PlyCount "111"]
[EventDate "2019.09.10"]
[EventType "tourn"]
[EventCountry "USA"]
[SourceTitle "playchess.com"]
[Source "ChessBase"]
[SourceQuality "1"]
[TimeControl "40/5400+30:1800+30"]

1. e4 {[%emt 0:09:05]} e6 {[%emt 0:00:01]} 2. d4 {[%emt 0:00:15]} d5 {[%emt 0:00:12]} 3. Nc3 {[%emt 0:00:16]} Nf6 {[%emt 0:00:08]} 4. e5 {[%emt 0:00:18]} Nfd7 {[%emt 0:00:04]} 5. f4 {[%emt 0:00:18]} c5 {[%emt 0:00:34]} 6. Nf3 {[%emt 0:00:16]} Nc6 {[%emt 0:02:28]} 7. Be3 {[%emt 0:00:20]} Qb6 {[%emt 0:04:17]} 8. Na4 {[%emt 0:00:34]} Qa5+ {[%emt 0:00:35]} 9. c3 {[%emt 0:00:21]} b6 {[%emt 0:00:10]} 10. Bd2 {[%emt 0:01:30]} c4 {[%emt 0:00:48]} 11. b4 {[%emt 0:00:27]} Qa6 {[%emt 0:00:03]} 12. Be2 {[%emt 0:03:04]} Be7 {[%emt 0:01:52]} 13. O-O {[%emt 0:00:53]} O-O {[%emt 0:00:31]} 14. Qc2 {[%emt 0:06:34]} f5 {[%emt 0:00:46]} 15. Nb2 {[%emt 0:02:03]} b5 {[%emt 0:04:53]} 16. a4 {[%emt 0:01:11]} Nb6 {[%emt 0:21:44]} 17. a5 {[%emt 0:01:38]} Nd7 {[%emt 0:00:10]} 18. Nd1 {[%emt 0:06:44]} Rf7 {[%emt 0:05:20]} 19. Ng5 {[%emt 0:01:19]} Bxg5 {[%emt 0:02:23]} 20. fxg5 {[%emt 0:00:04]} Ne7 {[%emt 0:03:18]} 21. h4 {[%emt 0:01:30]} Bb7 {[%emt 0:09:59]} 22. Nf2 {[%emt 0:07:06]} Qc6 {[%emt 0:15:23]} 23. Nh3 {[%emt 0:01:35]} a6 {[%emt 0:06:01]} 24. Nf4 {[%emt 0:04:03]} Nf8 {[%emt 0:03:30]} 25. h5 {[%emt 0:01:52]} g6 {[%emt 0:00:44]} 26. Rf2 {[%emt 0:08:17]} Bc8 {[%emt 0:04:24]} 27. Raf1 {[%emt 0:02:39]} Bd7 {[%emt 0:01:33]} 28. g3 {[%emt 0:03:28]} Be8 {[%emt 0:01:50]} 29. Rh2 {[%emt 0:14:13]} Rg7 {[%emt 0:01:05]} 30. Kg2 {[%emt 0:04:24]} gxh5 {[%emt 0:04:00]} 31. Rfh1 {[%emt 0:00:30]} Bg6 {[%emt 0:04:15]} 32. Qd1 {[%emt 0:00:39]} Kf7 {[%emt 0:00:58]} 33. Bxh5 {[%emt 0:04:14]} Ke8 {[%emt 0:00:34]} 34. Bf3 {[%emt 0:05:39]} Kd7 {[%emt 0:00:24]} 35. Qe2 {[%emt 0:00:27]} Re8 {[%emt 0:01:50]} 36. Kf2 {[%emt 0:00:25]} Ra8 {[%emt 0:00:40]} 37. Ke1 {[%emt 0:00:46]} Kc7 {[%emt 0:00:17]} 38. Kd1 {[%emt 0:00:57]} Nd7 {[%emt 0:00:38]} 39. Kc1 {[%emt 0:00:47]} Rag8 {[%emt 0:00:05]} 40. Rh6 {[%emt 0:00:00]} Nf8 {[%emt 0:00:00]} 41. Qg2 {[%emt 0:04:41]} Qe8 {[%emt 0:01:54]} 42. Kb2 {[%emt 0:00:52]} Qf7 {[%emt 0:09:38]} 43. Rf1 {[%emt 0:01:22]} Qe8 {[%emt 0:00:28]} 44. g4 {[%emt 0:02:58]} fxg4 {[%emt 0:11:26]} 45. Bxg4 {[%emt 0:00:44]} Be4 {[%emt 0:01:40]} 46. Qf2 {[%emt 0:09:24]} Rxg5 {[%emt 0:07:41]} 47. Nxe6+ {[%emt 0:01:09]} Nxe6 {[%emt 0:00:06]} 48. Bxg5 {[%emt 0:00:28]} Rxg5 {[%emt 0:02:07]} 49. Rxe6 {[%emt 0:00:53]} Rxg4 {[%emt 0:00:05]} 50. Qf7 {[%emt 0:00:36]} Rg2+ {[%emt 0:00:44]} 51. Kc1 {[%emt 0:00:30]} Qxf7 {[%emt 0:00:40]} 52. Rxf7 {[%emt 0:00:30]} Rc2+ {[%emt 0:00:32]} 53. Kd1 {[%emt 0:00:00]} Rxc3 {[%emt 0:00:03]} 54. Rfxe7+ {[%emt 0:00:08]} Kd8 {[%emt 0:00:15]} 55. Re8+ {[%emt 0:00:08]} Kd7 {[%emt 0:00:07]} 56. R6e7+ {[%emt 0:00:06]} 1-0

[Event "Fall Chess Classic-A 2019"]
[Site "Saint Louis"]
[Date "2019.09.15"]
[Round "6.2"]
[White "Melkumyan, Hrant"]
[Black "Smirin, Ilia"]
[Result "1/2-1/2"]
[WhiteElo "2653"]
[BlackElo "2599"]
[Annotator "TA"]
[PlyCount "93"]
[EventDate "2019.09.10"]
[EventType "tourn"]
[EventCountry "USA"]
[SourceTitle "playchess.com"]
[Source "ChessBase"]
[SourceQuality "1"]

{[%evp 11,93,28,34,20,31,9,15,20,37,18,47,60,60,49,51,42,48,18,43,26,28,25,53,32,42,0,0,0,0,0,0,0,0,0,43,-17,-18,-48,-36,-48,-36,-69,-62,-63,-68,-97,-71,-63,-4,-7,-8,-10,0,0,0,0,0,0,0,0,0,0,0,0,0,0,0,0,0,0,0,0,0,0,0,0,0,0,0,0,0,0,0,0]} 1. d4 Nf6 2. c4 g6 3. Nc3 Bg7 4. e4 d6 5. f3 O-O 6. Nge2 a6 7. Ng3 {E81: King's Indian: Sämisch: 6th move deviations (including 6 Be3 c6)} (7. Be3 b5 8. cxb5 axb5 9. Nxb5 Nbd7 10. Nbc3 c6 11. Nc1 e5 12. Be2 Nh5 13. O-O exd4 14. Bxd4 Nf4 15. Bxg7 {1-0 (31) Korobov,A (2698)-Grischuk,A (2771) St Petersburg 2018}) 7... Nc6 8. d5 Ne5 9. f4 Ned7 $1 10. Be2 e6 $146 ({Predecessor:} 10... c6 11. Be3 h5 12. O-O cxd5 13. cxd5 b5 14. Bf3 Nb6 {½-½ (52) Maciol,R (2163)-Hebden,M (2435) Telford 2019}) 11. dxe6 fxe6 12. O-O b6 13. Be3 Bb7 14. Qc2 Qe7 15. Rae1 Bh6 16. Bf3 {aiming for e5.} Rab8 17. Kh1 Bg7 18. e5 dxe5 19. fxe5 Nxe5 20. Bxb7 Rxb7 21. Bg5 Ned7 $1 22. Nd5 Qe8 23. Nf4 ({Better is} 23. Qa4 $14 b5 24. Qxa6) 23... e5 $11 24. c5 bxc5 25. Nd3 Qe6 26. Bxf6 Rxf6 27. Rxf6 Bxf6 28. Ne4 Be7 29. b3 {[%cal Re4c5]} Rb8 ({Black should try} 29... Rb5 $15) 30. Ndxc5 {The position is equal.} Nxc5 31. Nxc5 Qc6 32. Qc4+ Kh8 33. Nxa6 ({Don't blunder} 33. Rxe5 $2 Rd8 $19) 33... Qxc4 34. bxc4 {[%mdl 4096] Endgame KRB-KRN} Rb2 35. g3 Rxa2 36. Nxc7 Rc2 37. Rxe5 Bd6 38. Re8+ Kg7 39. Nb5 Bc5 40. Rc8 Rxc4 41. Rc7+ Kg8 42. Kg2 Rc1 43. Nd4 Ba3 44. Ra7 Bb2 45. Ra8+ Kf7 46. Ra7+ Kg8 47. Ra8+ {Accuracy: White = 62%, Black = 64%.} 1/2-1/2

[Event "Fall Chess Classic-A 2019"]
[Site "Saint Louis"]
[Date "2019.09.15"]
[Round "6.3"]
[White "Bortnyk, Olexandr"]
[Black "Swiercz, Dariusz"]
[Result "1/2-1/2"]
[WhiteElo "2602"]
[BlackElo "2648"]
[Annotator "TA"]
[PlyCount "65"]
[EventDate "2019.09.10"]
[EventType "tourn"]
[EventCountry "USA"]
[SourceTitle "playchess.com"]
[Source "ChessBase"]
[SourceQuality "1"]

{[%evp 9,65,12,11,17,16,9,17,18,13,17,16,7,13,-6,-7,-10,-15,-14,-6,-27,2,17,33,33,33,45,50,46,52,0,0,0,0,0,0,0,0,0,0,0,0,0,0,0,0,0,0,0,0,0,0,0,0,0,0,-22,-15,-16]} 1. e4 e5 2. Bc4 Nf6 3. d3 c6 4. Nf3 d5 5. Bb3 Bb4+ 6. Bd2 {C24: Bishop's Opening: 2...Nf6} Bxd2+ 7. Qxd2 $146 (7. Nbxd2 a5 8. a4 Bg4 9. h3 Bxf3 10. Qxf3 O-O 11. O-O dxe4 12. Nxe4 Nxe4 13. Qxe4 Nd7 14. Qe3 Re8 15. Rae1 Nf6 16. Re2 e4 {½-½ (16) Rapport,R (2731)-Ding,L (2813) Wijk aan Zee 2019}) 7... a5 8. a4 (8. Nxe5 $2 a4 $17) 8... O-O 9. exd5 cxd5 10. Nxe5 Nc6 11. d4 Qb6 $1 12. Nxc6 bxc6 13. O-O Ne4 14. Qe3 Ba6 15. Re1 Qb4 16. f3 Rae8 17. Nd2 $1 Qxd2 18. fxe4 Qb4 $1 19. e5 ({Better is} 19. Qc3 $1 $14) 19... f6 $11 {The position is equal.} 20. Rad1 fxe5 21. dxe5 Rf5 22. h3 Rfxe5 23. Qxe5 Rxe5 24. Rxe5 h6 25. Re6 Qc5+ 26. Kh1 {[#] Rxc6! is the strong threat.} Bc4 27. Rde1 Bxb3 28. cxb3 {KQ-KRR} d4 29. Re8+ Kh7 30. Rd8 Qb4 31. Rf1 c5 32. Rf3 Qe1+ 33. Kh2 {Accuracy: White = 87%, Black = 84%.} 1/2-1/2

[Event "Fall Chess Classic-A 2019"]
[Site "Saint Louis"]
[Date "2019.09.15"]
[Round "6.4"]
[White "Ipatov, Alexander"]
[Black "Van Foreest, Jorden"]
[Result "1/2-1/2"]
[WhiteElo "2650"]
[BlackElo "2622"]
[Annotator "TA"]
[PlyCount "51"]
[EventDate "2019.09.10"]
[EventType "tourn"]
[EventCountry "USA"]
[SourceTitle "playchess.com"]
[Source "ChessBase"]
[SourceQuality "1"]

{[%evp 18,51,0,0,24,19,25,28,28,36,36,29,29,29,27,28,35,35,34,0,0,0,0,0,0,0,0,0,0,0,0,0,0,0,0,0]} 1. d4 Nf6 2. c4 e6 3. Nf3 d5 4. Nc3 dxc4 5. e4 Bb4 6. Bg5 c5 7. Bxc4 cxd4 8. Nxd4 Bxc3+ 9. bxc3 Qa5 10. Bb5+ Bd7 {D39: Queen's Gambit Declined: Ragozin Defence with 5 Bg5 dxc4} (10... Nbd7 {looks sharper.} 11. Bxf6 Qxc3+ 12. Kf1 gxf6 13. Nf5 exf5 14. Rc1 Qb4) 11. Bxf6 $1 gxf6 12. Bxd7+ Nxd7 {White has an edge.} 13. O-O Qxc3 ({Predecessor:} 13... Rd8 14. Rb1 {0-1 (49) Alvarez,R (2204)-Vera Gonzalez Quevedo,R (2495) Merida 2007}) 14. Rb1 $146 (14. Qa4 O-O 15. Nxe6 Nb6 16. Qd4 Rfc8 17. Qxc3 Rxc3 18. Nf4 {½-½ (78) Carlsen,M (2875)-Anand,V (2767) Zagreb 2019}) 14... Rd8 15. Nb5 Qc6 16. Nd6+ Kf8 $1 {[#] White must now prevent ...Nc5.} 17. Nxb7 Rb8 18. Na5 Qxe4 {The position is equal.} 19. Qd6+ Kg7 20. Rxb8 Nxb8 21. Qg3+ $1 Qg6 22. Qc7 Na6 23. Qd6 Nb8 24. Qc7 Na6 25. Qd6 Nb8 26. Qc7 {Accuracy: White = 90%, Black = 96%.} 1/2-1/2

[Event "Fall Chess Classic-A 2019"]
[Site "Saint Louis"]
[Date "2019.09.15"]
[Round "6.5"]
[White "Lenderman, Aleksandr"]
[Black "Durarbayli, Vasif"]
[Result "1/2-1/2"]
[WhiteElo "2645"]
[BlackElo "2626"]
[Annotator "TA"]
[PlyCount "73"]
[EventDate "2019.09.10"]
[EventType "tourn"]
[EventCountry "USA"]
[SourceTitle "playchess.com"]
[Source "ChessBase"]
[SourceQuality "1"]

{[%evp 13,73,6,35,5,30,37,36,29,19,37,33,27,31,18,32,26,29,25,19,13,15,9,16,0,41,53,55,59,63,20,19,16,29,24,22,20,20,19,15,18,27,22,17,10,10,9,13,0,0,0,0,0,0,0,0,0,0,0,0,0,0,0]} 1. Nf3 Nf6 2. c4 b6 3. g3 Bb7 4. Bg2 e6 5. O-O Be7 6. d4 O-O 7. Re1 Na6 8. a3 {E17: Queen's Indian: 4 g3 Bb7 5 Bg2 Be7} (8. h4 Re8 9. Nc3 Ne4 10. Bd2 c5 11. d5 exd5 12. cxd5 Bf6 13. Nxe4 Rxe4 14. Ng5 Rd4 15. Qc2 g6 16. Bc3 Nb4 17. Qb3 a5 18. Bxd4 Bxd4 19. d6 Qf6 20. Bxb7 {1-0 (20) Ding,L (2805)-Rapport,R (2747) Saint Louis 2019}) 8... c5 9. d5 exd5 10. Nh4 $1 {White is slightly better.} Ne4 11. cxd5 Bxh4 12. Bxe4 Bf6 13. Nc3 d6 {[#]} 14. Bf4 $146 ({Predecessor:} 14. Qc2 g6 15. Bh6 Re8 {1-0 (46) Ladva,O (2530)-Neiksans,A (2581) Liepaja 2017}) 14... Nc7 15. Qd3 h6 16. Rad1 Re8 17. Qc2 b5 18. Bg2 b4 19. Ne4 Be5 20. Bxe5 Rxe5 21. axb4 cxb4 22. Nd2 Bxd5 23. Nc4 Rh5 24. Bxd5 Rxd5 25. Rxd5 Nxd5 26. Rd1 Nb6 {[#] aiming for ...Rc8.} 27. Nxd6 Qf6 {The position is equal.} 28. Rd3 Rd8 29. Qd2 {Threatens to win with Ne4!} Qe6 30. Rd4 a5 31. Nb7 Rxd4 32. Qxd4 Nc4 33. Nxa5 {[%mdl 64] [#] Decoy} Nxa5 34. Qd8+ {[%mdl 64] Double Attack} Kh7 {Hoping for ...Nc4.} 35. Qxa5 Qe4 36. e3 Qb1+ 37. Kg2 {Accuracy: White = 61%, Black = 76%.} 1/2-1/2

[Event "Fall Chess Classic-A 2019"]
[Site "Saint Louis"]
[Date "2019.09.16"]
[Round "7.1"]
[White "Durarbayli, Vasif"]
[Black "Robson, Ray"]
[Result "0-1"]
[WhiteElo "2626"]
[BlackElo "2653"]
[Annotator "TA"]
[PlyCount "60"]
[EventDate "2019.09.10"]
[EventType "tourn"]
[EventCountry "USA"]
[SourceTitle "playchess.com"]
[Source "ChessBase"]
[SourceQuality "1"]

{[%evp 11,60,-8,8,-44,-35,-55,-21,-38,-51,-39,-32,-37,-4,-40,-24,-91,-87,-93,-85,-91,-91,-94,-79,-86,-71,-172,-167,-205,-226,-208,-227,-224,-216,-298,-302,-664,-665,-636,-639,-869,-877,-853,-847,-809,-777,-29983,-29984,-29995,-29996,-29996,-29997]} 1. c4 c6 2. e4 d5 3. exd5 cxd5 4. d4 Nf6 5. Nc3 Nc6 6. Bg5 Be6 7. g3 {B13: Caro-Kann: Exchange Variation and Panov-Botvinnik Attack} (7. a3 $11) (7. a3 Qd7 8. Nge2 dxc4 9. Bxf6 exf6 10. d5 O-O-O 11. dxc6 Qxc6 12. Qa4 Qb6 13. Qb5 Qc7 14. Ng3 a6 15. Qa4 Qf4 {1-0 (39) Inarkiev,E (2693)-Dreev,A (2670) Moscow 2018}) 7... dxc4 $15 8. Bg2 {d5 is the strong threat.} Nd5 $146 ({Predecessor:} 8... Qb6 9. Nge2 O-O-O 10. O-O h6 11. Be3 Nd5 12. Nxd5 Bxd5 13. Bxd5 Rxd5 14. Nf4 Rd7 15. d5 Qa6 16. Qe2 Nd8 17. Rac1 {1-0 (17) Hausdorf,H (2395)-Grau Ribas,J (2338) ICCF email 2002}) 9. Nge2 {The position is equal.} h6 10. Be3 g5 11. h4 Bg7 12. Qa4 Qd7 $36 {[%mdl 2048] Black fights for an advantage.} 13. a3 (13. hxg5 $11 hxg5 14. Rxh8+ Bxh8 15. Bxg5) 13... Nxc3 $1 $17 ({Of course not} 13... Nxe3 14. fxe3 Nd8 15. Kf2 $11) 14. Nxc3 Nxd4 15. Qxd7+ Bxd7 16. O-O-O Nb3+ 17. Kb1 O-O-O 18. Nd5 {[#]} (18. Bxa7 $17 Bxc3 19. bxc3) 18... e6 $1 $19 {[%cal Re6d5]} 19. Ne7+ Kc7 {Hoping for ...Bf6.} 20. hxg5 hxg5 21. Bxg5 Ba4 22. Bf4+ Kb6 23. Bg5 $2 (23. Rxd8 Rxd8 24. g4) 23... Rxh1 24. Rxh1 {intending Nf5!} Rd3 25. Bf4 {If White can now play Nc8+ this consolidates a bit.} Nd2+ 26. Kc1 {[#]} c3 $1 {[%csl Gg7][%cal Rc3b2]} 27. Nc8+ Ka6 {[%csl Gg7][%cal Rc3b2]} 28. b4 Nc4 {Black mates.} 29. Be4 {[#]} c2 $1 {[%csl Gc4][%cal Rg7b2][%mdl 512]} 30. b5+ Ka5 {Accuracy: White = 32%, Black = 98%.} 0-1

[Event "Fall Chess Classic-A 2019"]
[Site "Saint Louis"]
[Date "2019.09.16"]
[Round "7.2"]
[White "Van Foreest, Jorden"]
[Black "Lenderman, Aleksandr"]
[Result "1/2-1/2"]
[WhiteElo "2622"]
[BlackElo "2645"]
[Annotator "TA"]
[PlyCount "70"]
[EventDate "2019.09.10"]
[EventType "tourn"]
[EventCountry "USA"]
[SourceTitle "playchess.com"]
[Source "ChessBase"]
[SourceQuality "1"]

{[%evp 12,70,35,1,10,4,30,0,16,16,22,11,0,0,7,-8,38,34,30,14,15,15,52,58,130,136,126,129,129,129,136,143,112,128,157,152,107,113,109,0,3,5,5,5,0,0,5,0,0,0,0,0,0,0,0,0,0,0,0,0,0]} 1. e4 c5 2. Nf3 e6 3. d4 cxd4 4. Nxd4 Nc6 5. Nc3 Qc7 6. Be3 a6 7. Nxc6 bxc6 {B48: Sicilian: Taimanov: 5 Nc3 Qc7 6 Be3 a6 without Be2} 8. Qf3 $146 (8. Bd3 Rb8 9. O-O Nf6 10. b3 d5 11. Bd2 Be7 12. Qe2 O-O 13. Rae1 Re8 14. h3 g6 15. Na4 {1-0 (39) Timofeev,A (2593)-Horvath,A (2533) Budapest 2019}) 8... Nf6 9. Qg3 Qxg3 10. hxg3 Rb8 11. b3 Bb4 12. Bd2 d5 13. Bd3 e5 14. f3 h6 15. O-O-O O-O 16. Kb2 d4 17. Na4 Nd7 ({Black should play} 17... Bd6 $14) 18. Bxb4 $16 Rxb4 19. c3 dxc3+ 20. Kxc3 ({Resist} 20. Nxc3 $6 Nc5 $11) 20... Rd4 {[#]} 21. Be2 $1 c5 22. Rxd4 exd4+ 23. Kc4 Ne5+ 24. Kxc5 d3 {[#]} 25. Kd4 (25. Bd1 $1 $16) 25... dxe2 $11 {The position is equal.} 26. Kxe5 {[%mdl 4096] Endgame And now Re1 would win. KRB-KRN} Rd8 $132 {[%mdl 2048] Black puts up resistance} 27. Re1 $1 {[%cal Re1e2]} Rd2 (27... Rd3 $5 28. g4 $8 g5 $16) 28. Kf4 Rxa2 29. Ke3 Be6 30. Nc5 Bxb3 31. Nxb3 Ra3 32. Kxe2 {Black must now prevent Rb1.} Rxb3 33. Ra1 Rb2+ 34. Ke3 Rxg2 35. g4 ({Don't play} 35. Rxa6 Rxg3 36. Kf2 Rg5 $17) 35... g5 {Accuracy: White = 67%, Black = 76%.} 1/2-1/2

[Event "Fall Chess Classic-A 2019"]
[Site "Saint Louis"]
[Date "2019.09.16"]
[Round "7.3"]
[White "Swiercz, Dariusz"]
[Black "Ipatov, Alexander"]
[Result "1/2-1/2"]
[WhiteElo "2648"]
[BlackElo "2650"]
[Annotator "TA"]
[PlyCount "60"]
[EventDate "2019.09.10"]
[EventType "tourn"]
[EventCountry "USA"]
[SourceTitle "playchess.com"]
[Source "ChessBase"]
[SourceQuality "1"]

{[%evp 19,60,-6,0,0,0,0,0,0,0,0,0,0,0,0,0,4,0,0,0,0,0,0,0,0,0,0,0,0,0,0,0,0,5,4,4,0,0,0,3,6,6,3,5]} 1. d4 Nf6 2. c4 g6 3. Nc3 d5 4. Nf3 Bg7 5. Qb3 dxc4 6. Qxc4 O-O 7. e4 a6 8. Be2 ({Predecessor:} 8. Qb3 b5 {½-½ (54) Oreopoulos,K (2450)-Van Unen,H (2513) ICCF email 2013}) 8... b5 9. Qb3 c5 10. dxc5 Be6 {The position is equal.} 11. Qc2 {D97: Grünfeld: Russian System: 7 e4, replies other than 7...Bg4} Nbd7 12. c6 $146 (12. Be3 Rc8 13. Rd1 b4 14. Nd5 Bxd5 15. exd5 Nxc5 16. O-O Nce4 17. Qd3 Qd6 18. Qxa6 Rc2 {½-½ (67) Giri,A (2755)-Nepomniachtchi,I (2740) Moscow 2016}) 12... Nb8 $1 {[%cal Bd7b8,Bb8c6,Bc6d4][%mdl 32]} 13. Ng5 Nxc6 14. Nxe6 fxe6 15. Nxb5 Rc8 16. Nc3 Nd4 17. Qd3 $1 Nd7 {Threatens to win with ...Nc5.} 18. O-O Nc5 19. Qh3 Na4 {[#] ...Nxc3 is the strong threat.} 20. Bg4 Nxc3 $1 21. bxc3 Rxc3 22. Be3 $1 ({But not} 22. Qxc3 Ne2+ 23. Bxe2 Bxc3 $17) 22... Qd6 23. Rac1 Ra3 24. Kh1 h5 25. Bf3 Kh7 26. e5 Qxe5 27. Bxd4 $1 Qxd4 28. Qxe6 Qe5 29. Qxe5 Bxe5 30. Rc2 Rd8 {Accuracy: White = 98%, Black = 86%.} 1/2-1/2

[Event "Fall Chess Classic-A 2019"]
[Site "Saint Louis"]
[Date "2019.09.16"]
[Round "7.4"]
[White "Smirin, Ilia"]
[Black "Bortnyk, Olexandr"]
[Result "1-0"]
[WhiteElo "2599"]
[BlackElo "2602"]
[Annotator "TA"]
[PlyCount "65"]
[EventDate "2019.09.10"]
[EventType "tourn"]
[EventCountry "USA"]
[SourceTitle "playchess.com"]
[Source "ChessBase"]
[SourceQuality "1"]

{[%evp 15,65,25,30,25,63,64,97,86,91,91,111,66,64,25,42,38,56,44,79,109,71,72,262,239,416,414,417,410,391,389,647,643,723,683,751,743,714,695,688,680,1445,1422,1391,1326,29974,29957,29974,29975,29971,29967,6191,6191]} 1. e4 g6 2. d4 Bg7 3. Nc3 d6 4. Be3 a6 5. Qd2 b5 6. f3 Nd7 7. h4 h5 8. Nh3 Bb7 9. Ng5 {B06: Modern Defence} Rc8 (9... Ngf6 10. O-O-O Nb6 11. Bd3 e6 12. Kb1 Qe7 13. Ne2 O-O-O 14. Qa5 Nfd7 15. b3 Nb8 16. Rc1 Nc6 17. Qd2 f6 18. Nh3 {0-1 (72) Fressinet,L (2700)-Mamedov,R (2650) Huaian 2016}) 10. a4 b4 11. Bc4 {White is better.} e6 12. Ne2 c5 13. Ba2 $146 ({Predecessor:} 13. dxc5 dxc5 14. Rd1 Qe7 15. Qxd7+ Qxd7 16. Rxd7 Kxd7 17. Nxf7 Bxb2 18. Nxh8 Bxh8 {1-0 (41) Wang,K (2367)-Nguyen,T (1949) Philadelphia 2017}) 13... a5 14. Rd1 c4 15. c3 $36 {[%mdl 2048] White has the initiative.} b3 16. Bb1 Ne7 17. f4 Nf6 {[#]} 18. O-O $1 Bh6 $2 (18... Qd7 $16 {is a better defense.}) 19. f5 Bxg5 $2 (19... Ng4 20. fxe6 fxe6) 20. Bxg5 $18 Nxe4 21. Bxe4 Bxe4 22. fxe6 fxe6 $2 (22... f5 23. Bf6 O-O) 23. Rf6 ({Weaker is} 23. Qf4 Bf5 $11) 23... Bf5 24. Nf4 Kd7 25. Rf7 Re8 26. Re1 Rc7 27. Qe3 Kc6 {If Black can now play ...Qc8 this consolidates a bit.} 28. Nxe6 Bxe6 29. Qxe6 {[%mdl 64] Double Attack} Nd5 30. Rxc7+ Nxc7 31. Qxc4+ {[%mdl 64] Double Attack} Kd7 32. Bxd8 {[%csl Gd8][%cal Rc4c7]} Rxe1+ {[#]} 33. Kf2 $1 {Accuracy: White = 72%, Black = 30%.} 1-0

[Event "Fall Chess Classic-A 2019"]
[Site "Saint Louis"]
[Date "2019.09.16"]
[Round "7.5"]
[White "Akobian, Varuzhan"]
[Black "Melkumyan, Hrant"]
[Result "1/2-1/2"]
[WhiteElo "2618"]
[BlackElo "2653"]
[Annotator "TA"]
[PlyCount "106"]
[EventDate "2019.09.10"]
[EventType "tourn"]
[EventCountry "USA"]
[SourceTitle "playchess.com"]
[Source "ChessBase"]
[SourceQuality "1"]

{[%evp 12,106,5,12,10,8,20,20,28,18,33,15,17,15,14,-22,-26,-85,-75,-111,-78,-130,-133,-107,-118,-121,-95,-113,-93,-147,-92,-132,-137,-104,-93,-110,-106,-129,-67,-131,-162,-149,-145,-150,-29,-68,-79,-75,-92,-93,-83,-89,-68,-81,-61,-65,-14,-11,0,-101,0,-35,-34,-87,-103,-91,0,0,0,0,6,6,0,0,50,8,2,0,0,0,0,0,0,0,0,0,0,0,0,0,0,0,0,0,0,0,0]} 1. d4 Nf6 2. c4 e6 3. Nc3 Bb4 4. Qc2 d5 5. a3 Bxc3+ 6. Qxc3 dxc4 7. Qxc4 b6 {E36: Nimzo-Indian: Classical: 4...d5 5 a3} 8. Nf3 Ba6 9. Qa4+ (9. Qc2 h6 10. Bf4 O-O 11. Rd1 Nbd7 12. g3 Rc8 13. Bg2 Nd5 14. O-O c5 15. Bd6 cxd4 {½-½ (45) Mamedyarov,S (2808)-Anand,V (2759) Leuven 2018}) 9... Qd7 10. Qc2 h6 11. Bf4 O-O 12. Be5 Ng4 13. Qe4 $146 (13. Bxc7 Rc8 $17) ({Predecessor:} 13. e3 Bxf1 14. Kxf1 Nc6 {0-1 (49) Ordaz Valdes,L (2415)-Ju,W (2561) Batumi 2018}) 13... f5 $1 $36 {[%cal Rf5e4][%mdl 2048] Black is pushing.} 14. Qf4 ({Much worse is} 14. Qxa8 Nc6 $17) (14. Qc2 $11 {keeps the balance.}) 14... Nc6 $17 15. Rc1 Rac8 16. e3 (16. h3 $142 Ngxe5 17. dxe5) 16... Bxf1 17. Rxf1 Ne7 18. h3 ({Not} 18. Rxc7 $2 Qb5 $19) 18... Nd5 19. Qg3 Ngf6 20. Bxf6 (20. Nd2 $142) 20... Rxf6 (20... Nxf6 $142 21. Rd1 Rfe8) 21. Qe5 Qb5 22. Rc2 Qd3 23. Rd2 Qc4 24. Rg1 Ne7 ({Black should try} 24... Rcf8 $17) 25. Kd1 (25. h4 $15) 25... Ng6 26. Qg3 c5 27. Rc2 Qa6 (27... Qa2 $1 $17 {...f4 is the strong threat.} 28. Ke2 f4) 28. Kc1 cxd4 29. exd4 f4 30. Qg4 Rxc2+ 31. Kxc2 Qe2+ 32. Kb1 $1 Qxf2 33. Rc1 Qg3 (33... Kh7 $15) 34. Rc8+ $11 Nf8 35. Ra8 (35. Ne5 $1 $11 {remains equal.}) 35... h5 ({Black should play} 35... Rg6 $17 36. Qxg3 Rxg3) 36. Qxh5 Qxg2 37. Ka2 (37. Rxa7 $15 Qg6+ 38. Qxg6 Rxg6 39. Ra8) 37... Qe2 $17 38. Rxa7 Qe4 ({But not} 38... Qc4+ $6 39. Ka1 $11) (38... Rg6 $1 $17 39. Rc7 Rg2 40. Qf7+ {[%mdl 64] [#] Double Attack} Kh7 $1 {[%mdl 512]} 41. Qh5+ Kg8 42. Qf7+ {[%mdl 64] Double Attack} Kh7 $1 {[%mdl 512]} 43. Qh5+ Kg8) 39. Rc7 Rg6 40. a4 Qd5+ 41. Qxd5 exd5 $11 {[%mdl 4096] Endgame KRN-KRN} 42. b4 Ne6 (42... Rg3 $5 {[%cal Rg3f3]} 43. Rc3 Rxh3 $11) 43. Rc3 Ng5 {The position is equal.} 44. Nxg5 Rxg5 {KR-KR} 45. a5 bxa5 46. bxa5 {Threatens to win with a6.} Rf5 47. Rf3 Kf7 48. a6 {Strongly threatening a7.} Ke6 49. a7 Rf8 50. Rxf4 Ra8 51. h4 Rxa7+ 52. Kb3 Rc7 53. h5 Rc1 {Accuracy: White = 55%, Black = 61%.} 1/2-1/2

[Event "Fall Chess Classic-A 2019"]
[Site "Saint Louis"]
[Date "2019.09.17"]
[Round "8.1"]
[White "Robson, Ray"]
[Black "Melkumyan, Hrant"]
[Result "1/2-1/2"]
[WhiteElo "2653"]
[BlackElo "2653"]
[Annotator "TA"]
[PlyCount "26"]
[EventDate "2019.09.10"]
[EventType "tourn"]
[EventCountry "USA"]
[SourceTitle "playchess.com"]
[Source "ChessBase"]
[SourceQuality "1"]

{[%evp 25,26,0,21]} 1. e4 e5 2. Nf3 Nc6 3. Bb5 a6 4. Ba4 Nf6 5. O-O Be7 6. Re1 b5 7. Bb3 d6 8. c3 O-O 9. h3 Bb7 10. d4 Re8 11. Ng5 Rf8 12. Nf3 Re8 13. Ng5 $146 ({Predecessor:} 13. Nbd2 Bf8 14. a3 g6 15. Ba2 Bg7 16. b4 exd4 17. cxd4 a5 18. Rb1 axb4 19. d5 Ne5 20. Nxe5 dxe5 21. Rxb4 c6 22. dxc6 Bxc6 23. Qf3 Bf8 24. Rb1 {1-0 (33) Topalov,V (2740)-Mamedyarov,S (2790) Shamkir 2019}) 13... Rf8 1/2-1/2